00963nam a22001937a 4500001000500000005001700005020001800022040002900040050000700069082001100076100001900087245004700106260003200153300005300185505000600238520048900244521001800733521001800751185720231005101819.0 a9781407139548 aFISKHbengcFISKHdFISKH aPZ a823.92 aCollins, Poppy aBluebellbin dream mountaincPoppy Collins aLondon :bScholastic,c2014 a80, 9 unnumbered pages :billustrations ;c20 cm aQ aThe fairy princesses have been invited to a ball in DREAM MOUNTAIN! It's the biggest event of the year, and they can't wait to wear the perfect outfits. But when they get to the mountain, things start disappearing. Accessories go missing, and tiaras vanish! Bluebell must use all of her detective skills to find their missing A-line multi-tiered ballgowns, and eventually a trail of sparkles (and some help from the dream fairies) leads them to a meeting with the Dream Queen herself. a870 bLexile aQ bRaz-Plus